Analytical Procedures
Postupy, ktoré umožňujú audítorovi získať dostatočné a primerané audítorské dôkazy, na základe ktorých môže vyjadriť svoje stanovisko k finančným výkazom. Analytické postupy sa môžu uplatniť v rôznych fázach auditu a zameriavajú na rôzne aspekty finančných výkazov.
Na minha lista:
| Autor principal: | |
|---|---|
| Outros Autores: | |
| Formato: | Capítulo de Livro |
| Idioma: | inglês |
| Assuntos: | |
| Tags: |
Sem tags, seja o primeiro a adicionar uma tag!
|
MARC
| LEADER | 00000naa$a2200000$$$4500 | ||
|---|---|---|---|
| 001 | 0248367 | ||
| 005 | 20240502083705.0 | ||
| 041 | 0 | |a eng | |
| 044 | |a CZ | ||
| 245 | 1 | 0 | |a Analytical Procedures |c Petra Krišková, Ján Užík |
| 520 | |a Postupy, ktoré umožňujú audítorovi získať dostatočné a primerané audítorské dôkazy, na základe ktorých môže vyjadriť svoje stanovisko k finančným výkazom. Analytické postupy sa môžu uplatniť v rôznych fázach auditu a zameriavajú na rôzne aspekty finančných výkazov. | ||
| 610 | 2 | 0 | |a audit |
| 610 | 2 | 0 | |a audit finančný |
| 610 | 2 | 0 | |a postupy pracovné |
| 610 | 2 | 0 | |a analýza finančná |
| 610 | 2 | 0 | |a výkazníctvo finančné |
| 100 | 1 | |a Krišková, Petra, 1981- | |
| 700 | 1 | |a Užík, Ján, 1969- | |